000 00859nam a22003017a 4500
001 BR0503123
003 BR-BrBNA
005 20230928101917.0
007 ta
008 230509b bl.||||| |||| 00| 0 por d
040 _aBR-BrBNA
_bpor
_cBiblioteca Nacional de Agricultura
041 _a(Por)
072 _aE14; D50
090 _ E14 BR0503123
110 1 _aMinistério da Agricultura e Abastecimento, Brasília, DF (Brasil)
_97185
245 1 _aEscola Família Agrícola de Camões Sem Peixe-MG
260 3 _aBrasília, DF (Brasil):
_c1997.
300 _a18 p.
500 _a18 illus.
650 _aPROJETO DE DESENVOLVIMENTO
650 _aLEGISLAÇÃO
650 _aPLANTA OLEAGINOSA
650 _aCOMUNIDADE RURAL
650 _aAGRICULTURA SUSTENTÁVEL
650 _aMINAS GERAIS
909 _a202309
_bLucia
_c55
_dLucia Elande
942 _cBK
999 _c68181
_d68181